000 00377nam a2200157Ia 4500
003 0STCL
008 150530s9999 xx 000 0 und d
040 _aSTCL
_cSTCL
100 _aNene, Y.L.
245 _aFungicides in plant disease control
260 _bOxford University press
_c1971
546 _aEnglish
942 _2ddc
_cBK
999 _c34356
_d34356
005 20220125170327.0